000 00312 a2200157 4500
001 176450
020 _a
040 _cMagnum
100 _aFerreira, Elita
240 1 0 _aGata pintada
_lpor
245 1 0 _aGata pintada
362 0 _a1899
440 1 _aBagaço
697 _aMAGNITO: IJ/ANIMAIS
942 _cBK
999 _c176450
_d176450